000 00268nam a2200121Ia 4500
008 190216s9999||||xx |||||||||||||| ||und||
100 _aAjay Anupam Dr
245 0 _aHindi-Amukhi
260 _bLokvani Samsthan
_c2003
300 _a112
650 _aHindi
942 _cBK
999 _c16140
_d16140